Introduction to management accounting (Бичлэгийн дугаар. 146060)
| 000 -УДИРДЛАГА | |
|---|---|
| Удирдлага | 01886 a2200493 4500 |
| 003 - ХЯНАЛТЫН ТОО ТОДОРХОЙЛОГЧ | |
| Код | MN-UlNUM |
| 005 - БИЧИЛТ ХИЙСЭН ОГНОО | |
| Тухайн бичилтийг бичсэн засварласан сүүлийн огноо | 20260103134853.0 |
| 008 - ЕРӨНХИЙ МЭДЭЭЛЭЛ | |
| Ерөнхий мэдээлэл | 110605s2011 njua b 001 0 eng |
| 020 ## - ISBN | |
| ISBN | 9780138000912 |
| -- | 0138000913 |
| 040 ## - БИЧЛЭГ ҮҮСГЭГЧ БАЙГУУЛЛАГА | |
| Бичлэг үүсгэгч номын сангийн код | МУИС-ийн номын сан |
| 084 ## - ББК АНГИЛАЛ | |
| ББК ангилал | 65.052 |
| Зохиогчийн гурван тэмдэгт | H 80 |
| Нэмэлт тусгалт | Гарын авлага |
| Мэдлэгийн ялгаа | 65 - Эдийн засаг |
| 100 1# - ЗОХИОГЧ | |
| Зохиогчийн нэр | Horngren, Charles T |
| Зохиогчийн огноо | 1926-2011 |
| 245 10 - ҮНДСЭН ГАРЧИГ | |
| Номын нэр | Introduction to management accounting |
| Бага гарчгийн мэдээ | Chapters 1-14 |
| Оролцогчдын тухай мэдээ | Charles T. Horngren ... [et al.]. |
| 250 ## - ДАХИН ХЭВЛЭЛТ | |
| Дахин гаралтын дугаар | 15th ed. |
| 260 ## - ГАРАЛТЫН МЭДЭЭ | |
| Хэвлэгдсэн газар | Upper Saddle River, N.J. |
| Хэвлэлийн газар | Prentice Hall |
| Хэвлэгдсэн он | 2011 |
| 300 ## - МАТЕРИАЛЫН ТОДОРХОЙЛОЛТ | |
| хуудасны тоо | 635 p. |
| Бусад тоон мэдээлэл | ill. ; |
| Хэмжээ | 25 cm |
| 500 ## - Тайлбар | |
| Дансны дугаар | БС 5993 |
| 546 ## - ХЭЛНИЙ ТУХАЙ МЭДЭЭ | |
| Хэл | Англи хэл дээр, |
| 653 ## - Түлхүүр үг | |
| Түлхүүр үг | economics |
| 653 ## - Түлхүүр үг | |
| Түлхүүр үг | accounting |
| 653 ## - Түлхүүр үг | |
| Түлхүүр үг | managerial accounting |
| 653 ## - Түлхүүр үг | |
| Түлхүүр үг | cost accounting |
| 700 ## - ХАМ ЗОХИОГЧИД | |
| Ба бус | Sundem, Gary L |
| 740 ## - НОМЫН ГАРЧИГ | |
| Гарчиг | Part 1 Focus on Decision Making |
| 740 ## - НОМЫН ГАРЧИГ | |
| Гарчиг | Managerial Accounting, the Business Organization, and Professional Ethics |
| 740 ## - НОМЫН ГАРЧИГ | |
| Гарчиг | Introduction to Cost Behavior and Cost-Volume Relationships |
| 740 ## - НОМЫН ГАРЧИГ | |
| Гарчиг | Measurement of Cost Behavior |
| 740 ## - НОМЫН ГАРЧИГ | |
| Гарчиг | Cost Management Systems and Activity-Based Costing |
| 740 ## - НОМЫН ГАРЧИГ | |
| Гарчиг | Relevant Information for Decision Making with a Focus on Pricing Decisions |
| 740 ## - НОМЫН ГАРЧИГ | |
| Гарчиг | Relevant Information for Decision Making with a Focus on Operational Decisions |
| 740 ## - НОМЫН ГАРЧИГ | |
| Гарчиг | Part 2 Accounting for Planning and Control |
| 740 ## - НОМЫН ГАРЧИГ | |
| Гарчиг | Introduction to Budgets and Preparing the Master Budget |
| 740 ## - НОМЫН ГАРЧИГ | |
| Гарчиг | Flexible Budgets and Variance Analysis |
| 740 ## - НОМЫН ГАРЧИГ | |
| Гарчиг | Management Control Systems and Responsibility Accounting |
| 740 ## - НОМЫН ГАРЧИГ | |
| Гарчиг | Management Control in Decentralized Organizations |
| 740 ## - НОМЫН ГАРЧИГ | |
| Гарчиг | Part 3 Capital Budgeting |
| 740 ## - НОМЫН ГАРЧИГ | |
| Гарчиг | Capital Budgeting |
| 740 ## - НОМЫН ГАРЧИГ | |
| Гарчиг | Part 4 Product Costing |
| 740 ## - НОМЫН ГАРЧИГ | |
| Гарчиг | Cost Allocation |
| 740 ## - НОМЫН ГАРЧИГ | |
| Гарчиг | Accounting for overhead costs |
| 740 ## - НОМЫН ГАРЧИГ | |
| Гарчиг | Job-Order Costing and Process-Costing Systems |
| 942 ## - ЭЛЕМЕНТИЙН ТӨРӨЛ | |
| Зүйлийн төрөл | Ном |
